000 01403nam a22003257a 4500
999 _c45935
_d45935
001 19573
003 CO-MdFUSB
005 20240531062742.0
008 171120s1971 xxu||||| |||| 00| 0 eng d
020 _a281-02350-6
040 _aCO-MdFUSB
_bspa
_cCO-MdFUSB
_dCO-MdFUSBC
_erda
041 _aeng
082 0 4 _aG 226.307 S4136g
100 1 _aSchweizer, Eduard
_eautor
245 1 4 _aThe good news according to Mark
_b : A commentary on the gospel
_c / Eduard Schweizer ; Translated by Donald H. Madvig
264 1 _aLondon :
_bSPCK,
_c[1971]
300 _a396 páginas
336 _2rdacontent
_atexto
_btxt
337 _2rdamedia
_asin mediación
_bn
338 _2rdacarrier
_avolumen
_bnc
500 _aTítulo original en alemán: Das Evangelium nach Markus \ Incluye índices (p. 387-396)
501 _aPasta dura
505 0 0 _aLos inicios - La autoridad de Jesús y la ceguera de los fariseos - El ministerio de Jesús en parábolas y milagros y la ceguera del mundo - El ministerio de Jesús a los gentiles y la ceguera de sus discípulos - La revelación franca de Jesús y el significado de discipulado - La pasión y la resurrección del Hijo del Hombre - El logro teológico de Marcos
650 7 _aCristianismo
_2
_922
653 _aBiblia N.T. - Exégesis
653 _aBiblia - Nuevo Testamento
653 _aJesús - Vida y enseñanzas
653 _aEvangelios
942 _cBK